[Event "AUTO-ADV-4750"]
[Site "http://www.queenalice.com/game.php?id=1840702"]
[Date "2024.7.23"]
[Round "2"]
[White "WHUSIRO"]
[Black "rockaudrey"]
[Result "0-1"]
[WhiteElo "2035"]
[BlackElo "2118"]

1. e4 c5 2. Nf3 d6 3. d4 cxd4 4. Nxd4 Nf6 5. Nc3 a6 6. Be3 e5 7. Nf3 Be6 8. Ng5
Nc6 9. Be2 Be7 10. O-O O-O 11. Nxe6 fxe6 12. Bc4 d5 13. exd5 Na5 14. Qe2 Nxc4
15. Qxc4 exd5 16. Qb3 Kh8 17. Bb6 Qd6 18. Rad1 d4 19. f4 Ng4 20. Nd5 exf4 21.
Rxd4 Qh6 22. Qh3 Qe6 23. Qb3 Qh6 24. Qh3 Qe6 25. c4 Rae8 26. b3 Bd6 27. Nc7 Bxc7
28. Bxc7 f3 29. Rxg4 f2+ 30. Kh1 Qe2 31. g3 Qf3+ 32. Qg2 Qxg4 33. Ba5 Qf3 0-1

[Event "AUTO-OPEN-4486"]
[Site "http://www.queenalice.com/game.php?id=1842257"]
[Date "2024.8.22"]
[Round "2"]
[White "Canaye14"]
[Black "rockaudrey"]
[Result "1-0"]
[WhiteElo "1956"]
[BlackElo "2257"]

1. d4 Nf6 2. Nf3 e6 3. c4 d5 4. cxd5 exd5 5. h3 Bb4+ 6. Nc3 O-O 7. Bf4 c5 8. e3
Nc6 9. Be2 Be6 10. O-O a6 11. a3 Bxc3 12. bxc3 c4 13. Ng5 Bf5 14. Nf3 b5 15. Re1
Ne4 16. Qc1 Na5 17. Nd2 Nxd2 18. Qxd2 Nb3 19. Qb2 Nxa1 20. Qxa1 a5 21. g4 Be4
22. f3 Bg6 23. Qb2 Qh4 24. Rf1 Qxh3 25. Rf2 Qh4 26. Qc1 1-0

[Event "AUTO-OPEN-4486"]
[Site "http://www.queenalice.com/game.php?id=1842258"]
[Date "2024.8.22"]
[Round "2"]
[White "rockaudrey"]
[Black "Canaye14"]
[Result "0-1"]
[WhiteElo "2236"]
[BlackElo "1984"]

1. e4 e6 2. Nf3 d5 3. e5 c5 4. b4 cxb4 5. a3 Nc6 6. d4 Qb6 7. Bd3 Bd7 8. Be3
Nge7 9. O-O Ng6 10. Nbd2 a5 11. axb4 Nxb4 12. Rb1 Qd8 13. Nb3 Nxd3 14. Qxd3 Ne7
15. Bg5 h6 16. Bh4 b6 17. Rfe1 Rc8 18. c3 Qc7 19. Rec1 Nf5 20. h3 a4 21. Nbd2 a3
22. Bg3 Nxg3 23. fxg3 Be7 24. Kh2 a2 25. Ra1 Ra8 26. Rc2 O-O 0-1

[Event "AUTO-OPEN-4486"]
[Site "http://www.queenalice.com/game.php?id=1842267"]
[Date "2024.8.22"]
[Round "2"]
[White "rockaudrey"]
[Black "pariolinius"]
[Result "0-1"]
[WhiteElo "2169"]
[BlackElo "2057"]

1. e4 e5 2. Nf3 d6 3. d4 exd4 4. Nxd4 Nf6 5. Nc3 Be7 6. f3 b6 7. Be3 Bb7 8. Qd2
O-O 9. O-O-O Nc6 10. g4 Nxd4 11. Bxd4 Qc8 12. h4 c5 13. Be3 a6 14. h5 Rd8 15. g5
Nd7 16. g6 h6 17. Bc4 Ne5 18. gxf7+ Nxf7 19. Bxh6 d5 0-1

[Event "AUTO-OPEN-4486"]
[Site "http://www.queenalice.com/game.php?id=1842268"]
[Date "2024.8.22"]
[Round "2"]
[White "pariolinius"]
[Black "rockaudrey"]
[Result "1-0"]
[WhiteElo "2096"]
[BlackElo "2140"]

1. e4 c5 2. Nf3 d6 3. d4 cxd4 4. Nxd4 Nf6 5. f3 a6 6. Nc3 e5 7. Nb3 Be6 8. Be3
Nbd7 9. Qd2 Be7 10. O-O-O O-O 11. g4 Nb6 12. g5 Nfd7 13. h4 Rc8 14. h5 Bxb3 15.
axb3 Nc5 16. Bh3 Rc6 17. Kb1 a5 18. g6 a4 19. gxh7+ Kh8 20. Rdg1 1-0

[Event "AUTO-OPEN-4486"]
[Site "http://www.queenalice.com/game.php?id=1842269"]
[Date "2024.8.22"]
[Round "2"]
[White "rockaudrey"]
[Black "CCapivara"]
[Result "0-1"]
[WhiteElo "2267"]
[BlackElo "2232"]

1. e4 d6 2. Nf3 Nf6 3. Nc3 c6 4. d4 Bg4 5. Be2 Nbd7 6. O-O e5 7. dxe5 dxe5 8.
Bg5 Qc7 9. Qd2 Bb4 10. Qd3 Nc5 11. Qc4 Bxc3 12. Bxf6 Bxb2 13. Qxc5 Bxa1 14. Rxa1
gxf6 15. a3 Qe7 0-1

[Event "AUTO-OPEN-4486"]
[Site "http://www.queenalice.com/game.php?id=1842270"]
[Date "2024.8.22"]
[Round "2"]
[White "CCapivara"]
[Black "rockaudrey"]
[Result "1-0"]
[WhiteElo "2231"]
[BlackElo "2216"]

1. e4 c5 2. Nf3 d6 3. d4 cxd4 4. Nxd4 Nf6 5. Nc3 a6 6. Bg5 e6 7. f4 Be7 8. Qf3
Qc7 9. O-O-O Nbd7 10. g4 b5 11. Bxf6 Nxf6 12. g5 Nd7 13. f5 Bxg5+ 14. Kb1 b4 15.
fxe6 Ne5 16. Nd5 Qa7 17. Qh5 h6 18. Be2 g6 19. Qh3 O-O 20. Bg4 Nxg4 21. Qxg4
fxe6 22. h4 exd5 23. Qg3 Bf6 24. Qxg6+ Qg7 25. Qh5 Bxd4 26. Qxd5+ 1-0

[Event "AUTO-OPEN-4532"]
[Site "http://www.queenalice.com/game.php?id=1845782"]
[Date "2024.10.20"]
[Round "2"]
[White "avieytoa"]
[Black "rockaudrey"]
[Result "0-1"]
[WhiteElo "1980"]
[BlackElo "2096"]

1. e4 c5 2. Nf3 d6 3. Bc4 Nf6 4. O-O g6 5. Ng5 e6 6. d4 cxd4 7. Qxd4 Bg7 8. Nc3
Nc6 9. Qd3 O-O 10. a3 Qc7 11. Nb5 Qa5 12. Bd2 Qb6 13. Nxd6 Ne5 14. Nxc8 Raxc8
15. Bb3 Nxd3 0-1

[Event "AUTO-OPEN-4532"]
[Site "http://www.queenalice.com/game.php?id=1845783"]
[Date "2024.10.20"]
[Round "2"]
[White "rockaudrey"]
[Black "avieytoa"]
[Result "0-1"]
[WhiteElo "2105"]
[BlackElo "1926"]

1. e4 e5 2. Nf3 Nc6 3. d4 exd4 4. Nxd4 Nxd4 5. Qxd4 c5 6. Qd3 g6 7. Be2 Bg7 8.
O-O d6 9. Nc3 Nf6 10. Bg5 O-O 11. Rad1 Qb6 12. Bxf6 Bxf6 13. Nd5 Qd8 14. c3 Bg7
15. Qb5 a6 16. Qd3 Qg5 17. f4 Qd8 0-1

[Event "AUTO-OPEN-4532"]
[Site "http://www.queenalice.com/game.php?id=1845790"]
[Date "2024.10.20"]
[Round "2"]
[White "Fredo"]
[Black "rockaudrey"]
[Result "1-0"]
[WhiteElo "1980"]
[BlackElo "1983"]

1. d4 Nf6 2. Nf3 g6 3. c4 d5 4. cxd5 Nxd5 5. e4 Nf6 6. Nc3 Bg7 7. Bc4 O-O 8. O-O
Bg4 9. Be3 Bxf3 10. Qxf3 Nc6 11. Rfd1 e6 12. Rac1 a6 13. Ne2 Na5 14. Bd3 Rc8 15.
b3 Nc6 16. a3 Qe7 17. b4 1-0

[Event "AUTO-OPEN-4532"]
[Site "http://www.queenalice.com/game.php?id=1845791"]
[Date "2024.10.20"]
[Round "2"]
[White "rockaudrey"]
[Black "Fredo"]
[Result "0-1"]
[WhiteElo "1967"]
[BlackElo "1996"]

1. e4 c5 2. Nf3 d6 3. d4 cxd4 4. Nxd4 Nf6 5. Nc3 a6 6. Bg5 Nbd7 7. f4 h6 8. Bh4
Qc7 9. Qf3 g5 10. Bg3 g4 11. Qe3 Nc5 12. e5 dxe5 13. fxe5 Nh5 14. O-O-O Nxg3 15.
hxg3 h5 16. Nd5 Qb8 0-1

[Event "AUTO-OPEN-4532"]
[Site "http://www.queenalice.com/game.php?id=1845794"]
[Date "2024.10.20"]
[Round "2"]
[White "MarcosT"]
[Black "rockaudrey"]
[Result "1-0"]
[WhiteElo "2026"]
[BlackElo "1952"]

1. d4 Nf6 2. e3 g6 3. Bd3 Bg7 4. Nd2 d5 5. Ngf3 b6 6. O-O Ba6 7. Bxa6 Nxa6 8. c4
O-O 9. cxd5 Nxd5 10. Re1 Nab4 11. a3 Nd3 12. Re2 Nxc1 13. Rxc1 Rc8 14. Nc4 c5
15. Nce5 e6 16. Rec2 Nf6 17. b3 Nd5 18. b4 Qe7 19. bxc5 bxc5 20. dxc5 Qc7 21.
Ng4 h5 22. e4 hxg4 23. exd5 gxf3 24. d6 Qc6 25. d7 1-0

[Event "AUTO-OPEN-4532"]
[Site "http://www.queenalice.com/game.php?id=1845795"]
[Date "2024.10.20"]
[Round "2"]
[White "rockaudrey"]
[Black "MarcosT"]
[Result "1-0"]
[WhiteElo "2082"]
[BlackElo "2042"]

1. b3 e5 2. Bb2 Nc6 3. e3 d6 4. Nf3 Nf6 5. Bb5 Bd7 6. O-O Be7 7. Bxc6 Bxc6 8. d4
e4 9. Nfd2 d5 10. c4 O-O 11. Nc3 b6 12. Rc1 Bb7 13. cxd5 Bb4 14. Nb5 Nxd5 15.
Nxe4 Nxe3 16. fxe3 Bxe4 17. Qg4 Bd3 18. Nxc7 Rc8 19. d5 g6 20. Qd4 f6 21. Ne6
1-0

[Event "AUTO-ADV-4749"]
[Site "http://www.queenalice.com/game.php?id=1845857"]
[Date "2024.10.21"]
[Round "2"]
[White "maurice916"]
[Black "rockaudrey"]
[Result "1-0"]
[WhiteElo "1918"]
[BlackElo "2042"]

1. Nf3 c5 2. b3 d5 3. Bb2 Nc6 4. e3 a6 5. c4 Nf6 6. cxd5 Nxd5 7. Bc4 e6 8. O-O
Be7 9. Bxg7 Rg8 10. Be5 f6 11. Bg3 Qa5 12. a3 Bd7 13. e4 Nb6 14. Qc2 Nxc4 15.
Qxc4 O-O-O 16. Nc3 1-0

[Event "AUTO-ADV-4749"]
[Site "http://www.queenalice.com/game.php?id=1845858"]
[Date "2024.10.21"]
[Round "2"]
[White "rockaudrey"]
[Black "chessman"]
[Result "0-1"]
[WhiteElo "2084"]
[BlackElo "1943"]

1. e4 e6 2. Nf3 d5 3. d3 dxe4 4. Ng5 exd3 5. Bxd3 Nf6 6. O-O Be7 7. Qe2 O-O 8.
Nc3 h6 9. Nge4 Nbd7 10. Be3 Nxe4 11. Nxe4 Nf6 12. Nxf6+ Bxf6 13. Rad1 Qe7 14. c3
a6 15. Qf3 c5 16. Qe4 g6 0-1

[Event "AUTO-ADV-4749"]
[Site "http://www.queenalice.com/game.php?id=1845859"]
[Date "2024.10.21"]
[Round "2"]
[White "chessman"]
[Black "rockaudrey"]
[Result "1-0"]
[WhiteElo "1965"]
[BlackElo "2062"]

1. e4 c5 2. b4 e6 3. bxc5 Bxc5 4. d4 Bb6 5. Nf3 Nf6 6. Bd3 O-O 7. c3 d6 8. O-O
Nc6 9. Re1 Bd7 10. Ba3 Bc7 11. Nbd2 Re8 12. h3 a6 13. Rb1 Ne7 14. Rxb7 Bc6 15.
Rb1 Qd7 16. c4 Ng6 17. Qe2 1-0